| 000 | 00514nam a2200145Ia 4500 | ||
|---|---|---|---|
| 008 | 100204s9999 xx 000 0 und d | ||
| 082 | _b7848 | ||
| 100 | _aभावे सविता | ||
| 245 | _aजिंकीले भूमी - जल आकाश | ||
| 260 |
_b"वरदा बुक्स , पुणे" _c1985 |
||
| 300 | _a222+36 | ||
| 630 | _aजिंकीले भूमी - जल आकाश | ||
| 730 | _aजिंकीले भूमी - जल आकाश | ||
| 942 | _cBOOK | ||
| 999 |
_c452284 _d452281 |
||